|
|
|
|
| LEADER |
00000nab a2200000ua 4500 |
| 001 |
vtls010777941 |
| 003 |
SK-MaSNL |
| 005 |
20260303102727.0 |
| 008 |
230121s2007 xo |||||||||||||||||slo| |
| 035 |
|
|
|a (urnnbn)urn:nbn:sk:snk:ar-a02ljc
|
| 035 |
|
|
|a (uuid)b70f303a-e2ca-4b1f-9959-edf32d550855
|
| 035 |
|
|
|a urn:nbn:sk:snk-ab4mde
|
| 040 |
|
|
|a SNKBUCL
|b slo
|c SNKBUCL
|e AACR2
|
| 041 |
0 |
|
|a slo
|
| 044 |
|
|
|a xo
|c SK
|
| 100 |
1 |
|
|a Strápková, Janka
|4 aut
|9 889750
|
| 245 |
1 |
0 |
|a Licencie
|c Janka Strápková
|
| 773 |
0 |
|
|t Lekárnik : odborno-informačný mesačník
|g Roč. 12, č. 5 (2007), s. 43
|
| 954 |
|
|
|a odborná, vedecká literatúra pôvodná (slovenská)
|2 lita
|
| 958 |
|
|
|a OND
|
| 958 |
|
|
|a EUIPO
|
| 958 |
|
|
|a article3
|
| 999 |
|
|
|c 1844521
|d 1846451
|